000 00662nam a22002177a 4500
003 KOHA_MİRAKIL
005 20260428090713.0
008 260331b tu ||||| |||| 00| 0 tur d
020 _a9789944613194
040 _aTR-AnABB
_btur
_cTR-AnABB
041 _atur
082 _a351.7112
_bTOK 2022
100 1 _aToker, Çiğdem
245 1 0 _aŞehir hastaneleri :
_bMilletin cebinden kamu özel işbirliği /
_cÇiğdem Toker
260 _aİstanbul :
_bTekin Yayınevi,
_c2022
300 _a255 sayfa :
_c20 cm
500 _ayazar imzalı
650 0 4 _aSağlık yatırımları, Türkiye
900 _bCan ÇELIK
942 _2ddc
_cBK
999 _c10125
_d10125